| 000 | 00960nam a2200217 a 4500 | ||
|---|---|---|---|
| 001 | 000131392 | ||
| 003 | AM-YEHGA | ||
| 005 | 20250617122739.0 | ||
| 008 | 950720s1981 ru a|||gr|||||||||0|rus|d | ||
| 040 | _aAM-YeHGA | ||
| 041 | 0 | _arus | |
| 100 | 1 | _aБурлин, Юрий Константинович | |
| 245 | 1 | 0 |
_aНефтегазообразование в геосинклинальных осадочных формациях Тихоокеанского пояса / _cЮ.К. Бурлин. |
| 260 |
_aМосква : _bМГУ, _c1981. |
||
| 300 |
_a200 с. : _bил. ; _c22 см. |
||
| 650 | 1 | 4 |
_aГазы природные горючие _xПроисхождение _zТихоокеанский пояс |
| 650 | 1 | 4 |
_aГеологические формации осадочные _zТихоокеанский пояс |
| 650 | 1 | 4 |
_aНефть _xПроисхождение _zТихоокеанский пояс |
| 942 |
_2udc _cBK |
||
| 090 | _c44658 | ||
| 999 |
_c43939 _d43939 |
||